[Event "Corus"]
[Site "Wijk aan Zee"]
[Date "2009.02.01"]
[Round "13"]
[White "Dominguez Perez, Leinier"]
[Black "Karjakin, Sergey"]
[Result "0-1"]
[WhiteElo "2717"]
[BlackElo "2706"]
[Annotator "Ftacnik,L"]
[PlyCount "82"]
[EventDate "2009.01.17"]
[EventType "tourn"]
[EventRounds "13"]
[EventCountry "NED"]
[EventCategory "19"]
[SourceTitle "CBM 129"]
[Source "ChessBase"]
[SourceDate "2009.03.25"]
[SourceVersion "1"]
[SourceVersionDate "2009.03.25"]
[SourceQuality "1"]

{[%mdl 2]} 1. e4 c5 2. Nf3 d6 3. d4 cxd4 4. Nxd4 Nf6 5. Nc3 a6 6. Be3 Ng4 7.
Bc1 Nf6 8. Be3 Ng4 9. Bg5 h6 10. Bh4 g5 11. Bg3 Bg7 12. h3 Nf6 13. Qe2 Nc6 14.
Nxc6 bxc6 15. e5 dxe5 16. Bxe5 O-O 17. g4 $146 {Dominguez Leinier has prepared
a plan with a very straightforward attack against the compromised position in
front of the black king. Can it be successful without White having completed
his development?} (17. h4 g4 $1 18. g3 Qb6 (18... a5 19. Bg2 Ba6 20. Qe3 Rc8 $2
(20... Qd7 21. Qd4 Qxd4 22. Bxd4 Bb7 (22... e5 23. Be3 Rfd8 24. Rd1 Rxd1+ 25.
Kxd1 Nd5 26. Bd2 Bc4 27. Na4 Bb5 {1/2-1/2 Hoffmann,M (2455)-Kulaots,K (2593)/
Budapest 2004 (30)}) 23. O-O-O a4 24. Rhe1 e6 25. Ne4 Nxe4 26. Rxe4 c5 27. Bxg7
Bxe4 28. Bxf8 Bxg2 29. Bxh6 Bd5 30. b3 axb3 31. axb3 c4 {0-1 Van Beers,E (2431)
-Van den Doel,E (2615)/Tilburg 2003 (52)}) 21. Rd1 Nd5 (21... Qe8 22. f3 $1 $16
) 22. Nxd5 cxd5 23. Rxd5 Bxe5 (23... Qe8 24. Bxg7 Kxg7 25. Qd4+ Kh7 26. Be4+
Kg8 27. Rg5+ hxg5 28. Bh7+ Kxh7 29. hxg5+ Kg6 30. Rh6+ Kxg5 31. Qf4#) 24. Qxh6
$1 {1-0 Rowson,J (2541)-De Firmian,N (2553)/Selfoss 2003/ (25)}) 19. O-O-O Be6
20. Bg2 Rfd8 21. Rhe1 (21. f3 Qa5 22. Rxd8+ Rxd8 23. fxg4 Bxg4 24. Qe3 Be6 $15)
21... h5 22. b3 (22. f3 $1 Qa5 23. Rxd8+ Rxd8 24. fxg4 Bxg4 25. Qe3 $14) 22...
Rac8 23. Na4 Rxd1+ 24. Rxd1 Qb5 25. Bf1 $2 {White misses a small combination
by his lady opponent at the very moment, when he had the chance to get a
serious advantage.} (25. Qxb5 cxb5 (25... axb5 26. Nb6 Rf8 27. Bxc6 $18) 26.
Bb7 Rf8 27. Nc5 Bc8 28. Bxa6 $16) 25... Bc4 $1 26. Qxc4 (26. Qe1 Bxf1 27. Bxf6
Bxf6 28. Qxf1 e6 $15) 26... Qxe5 {0-1 Ponomariov,R (2743)-Polgar,J (2685)/
Benidorm 2002/ (40)}) (17. g3 Be6 18. Bg2 Qb6 19. O-O-O Rad8 20. f4 $14) 17...
a5 (17... Ra7 18. Bg2 Rb7 19. Rb1 Nd5 $11) 18. h4 $5 {White would not be able
to castle to either side after 18.Bg2, so he goes for broke.} (18. Bg2 Ba6 19.
Qe3 Qd7 $13) 18... Bxg4 (18... Ba6 19. Qf3 Bxf1 20. Kxf1 (20. hxg5 Nh7 21. Bxg7
Nxg5 22. Qg3 Kxg7 23. Kxf1 Qd6 $11) 20... Qd2 21. Re1 $14) 19. f3 Bf5 (19...
Be6 20. hxg5 hxg5 21. Qe3 Nd5 22. Qxg5 f6 23. Qg6 $16) 20. hxg5 hxg5 21. Qe3 $1
{Unusually straightforward, White's strategy is not easy to counter
efficiently, as the black king has rather shallow cover.} a4 (21... Qd7 22.
Qxg5 Qe6 23. f4 Rfd8 24. Rg1 Bg6 25. Bd3 $14) 22. Qxg5 Bg6 23. Bd3 a3 24. b4 (
24. O-O-O Qb6 25. b3) (24. Bxg6 fxg6 (24... axb2 $2 25. Bh7+ Kh8 26. Rb1 $18)
25. b4 Qb6 26. O-O-O Qxb4 27. Qxg6 Ra5 28. Bd4 $14) 24... Qb6 $1 25. Rh4 $2 {
The critical moment for Dominguez's initiative, objectively best seems to be
the difficult move 25.Rb1!} (25. Bxg6 fxg6 26. Rd1 (26. Rh4 Kf7 $14) 26... Rad8
(26... Qxb4 $2 27. Qxg6 $16) 27. Rxd8 Rxd8 28. Rh4 Kf7 $14) (25. Rb1 $1 Nh7 (
25... Rad8 26. Na4 Qa7 27. Nc5 Rd5 28. f4 $16) (25... Rfd8 26. Ke2 Rxd3 27.
cxd3 Rd8 28. Rhd1 $16) 26. Qf4 Bxe5 27. Qxe5 Rad8 28. Ne2 $16) 25... Nh7 $1 26.
Rxh7 (26. Qf4 Bxe5 27. Qxe5 Qg1+ 28. Bf1 Rad8 $11) 26... Kxh7 27. O-O-O Qxb4
28. Rh1+ Kg8 29. Bxg7 $2 {[%mdl 64] White is still enjoying dangerous chances,
but the path to success has become much more narrow. The best line 29.Bxg6!
would lead to perpetual check.} (29. Bxg6 $1 fxg6 30. Qxg6 Rf6 $1 31. Qh7+ Kf7
32. Rg1 Ke6 (32... Rg8 33. Ne4 $16) 33. Qxg7 Rd8 34. Ne4 Kxe5 35. Qg3+ Rf4 36.
Qg5+ Rf5 37. Qg7+ Ke6 38. Qg6+ $11) 29... Kxg7 30. Qh6+ Kf6 31. Ne4+ (31. Bxg6
fxg6 32. Ne4+ Ke6 33. Qxg6+ Kd7 34. Rd1+ Kc7 35. Qg3+ Kb6 $19) 31... Ke6 32.
Rd1 (32. Qh3+ f5 33. Qg3 Be8 34. Ng5+ Kd7 35. Qe5 Ra5 $19) 32... Qb2+ 33. Kd2
Kd7 $6 {Karjakin's desire to run away with his exposed king is more than
understandable. Unfortunatelly his execution is so unfortunate, that he will
keep the advantage only by a small miracle.} (33... Rh8 34. Qf4 Bxe4 35. Qxe4+
Kd6 36. Qc4 Rh2+ 37. Ke1 Rh1+ 38. Bf1+ Kc7 $19) 34. Qf4 $2 (34. Nc5+ $1 Ke8 (
34... Kc7 35. Na6+ $5 Kb7 36. Nc5+ Ka7 37. Qe3 $15) 35. Bxg6 Qb4+ 36. Kc1 Qxc5
37. Bf5 Ra7 38. Qd2 Qb6 39. Bd7+ Kd8 40. Bxc6+ Kc8 $19) 34... Rfd8 35. Ke2 Ke8
36. Rh1 Ra5 {White was in time trouble and he simply missed his chance on the
move 34. Unfortunately for him the position is now flatly lost.} (36... Rac8
$19) 37. Qc7 (37. Qe3 Rad5 38. Kf1 e6 $19) 37... Rad5 38. Ke3 (38. Qxc6+ Kf8
39. Ke3 Kg7 $19) 38... Kf8 39. c3 $2 $138 {The rook strives to give check on
h8, but the bishop on d3 now goes for free. The game is over...} (39. Qxc6 Kg7
$19) 39... Rxd3+ 40. Kf4 f6 41. Rh8+ Kf7 (41... Kf7 42. Rxd8 Qh2+ 43. Kg4 Bh5+
(43... Bf5+ 44. Kxf5 Qh3+ 45. Kf4 Rxf3# (45... Qxf3#)) 44. Kf5 Rxf3+ 45. Qf4
e6# (45... Qxf4#) (45... Rxf4#)) 0-1

[Event "EU-ch 15th"]
[Site "Yerevan"]
[Date "2014.03.06"]
[Round "4"]
[White "Khismatullin, Denis Rimovich"]
[Black "Duda, Jan Krzysztof"]
[Result "0-1"]
[WhiteElo "2714"]
[BlackElo "2563"]
[Annotator "Ftacnik,L"]
[PlyCount "64"]
[EventDate "2014.03.03"]
[EventType "swiss"]
[EventRounds "11"]
[EventCountry "ARM"]
[SourceTitle "CBM 160"]
[Source "ChessBase"]
[SourceDate "2014.05.15"]
[SourceVersion "1"]
[SourceVersionDate "2014.05.15"]
[SourceQuality "1"]

1. e4 c5 2. Nf3 d6 3. d4 cxd4 4. Nxd4 Nf6 5. Nc3 a6 6. h3 {It would be
difficult to miss the rise in popularity of this modest move 6.h3 in recentt
months. White is avoiding a huge part of opening theory, also in many
positions the advance g2-g4 will represent a suitable form of aggression.} e5
7. Nb3 Be6 8. f4 Nbd7 {The positions which arise are so truly fresh and
original that the move 8...Nbd7 bears a flavour of novelty. Black is rushing
the development of pieces in order to find suitable counterplay in any
continuations that his opponent may fancy.} (8... b5 9. f5 Bc8 10. Bg5 Bb7 11.
Qf3 Nbd7 12. O-O-O Be7 13. Kb1 Rc8 14. Bxf6 Nxf6 15. Nd5 Bxd5 16. exd5 h5 17.
g3 h4 18. g4 Nh7 19. Nd2 Ng5 20. Qg2 Qb6 21. Bd3 $11 {1-0 (61) Grischuk,A 
(2785)-Wojtaszek,R (2701) Riga 2013}) (8... exf4 9. Bxf4 Nc6 10. Qd2 (10. Qe2
Qc7 11. O-O-O Be7 12. g4 Ne5 13. g5 Nfd7 14. Nd5 Bxd5 15. exd5 O-O 16. h4 Rfe8
17. Bh3 Bf8 18. Qf2 a5 19. Nd4 a4 20. a3 Qb6 21. Bxd7 Nxd7 22. Rhf1 $14 {
0-1 (34) Koepke,C (2344)-Durakovic,A (2305) Austria 2014}) 10... Be7 11. Be2
O-O 12. O-O-O Ne5 13. Nd4 Rc8 14. Nf5 Bxf5 15. exf5 b5 16. g4 b4 17. Nd5 Nxd5
18. Qxd5 Bg5 19. Bxg5 Qxg5+ 20. Kb1 $14 {1/2 (37) Ten Hagen,Y (2215)-Bezemer,A
(2343) Maastricht 2010}) (8... Nc6 9. f5 Bxb3 10. axb3 d5 11. exd5 Nxd5 12.
Nxd5 Qh4+ 13. Kd2 O-O-O 14. c4 Qd4+ 15. Ke2 Qe4+ 16. Be3 Nd4+ 17. Kf2 Nxf5 18.
Qg4 Qc2+ 19. Be2 h5 20. Rac1 hxg4 21. Rxc2 $18 {1-0 (41) Sutovsky,E (2657)
-Bates,R (2338) London 2013}) 9. g4 {Khismatullin has tried to drag his
youngish opponent into lesser known waters, but now he will be the one dealing
with the new situation. It seems, that the immediate pawn advance 9.f5 could
not bring him any plus.} (9. f5 Bxb3 10. axb3 d5 11. exd5 (11. Nxd5 Nxd5 12.
Qxd5 Qh4+ 13. Ke2 Bc5 14. Qd3 O-O-O $11) 11... Bc5 $5 (11... Nb6 12. Qe2 Be7
13. Bd2 Nfxd5 14. Qxe5 O-O 15. O-O-O $14) 12. Qf3 O-O $13) 9... b5 10. Bg2 {
White prefers to concentrate fully on the g5-advance. After the immediate
attack Black could counter with the counterblow on the queenside.} (10. g5 b4
$1 11. gxf6 bxc3 12. f5 Bxb3 13. axb3 cxb2 14. Bxb2 Nxf6 15. Bc4 Ra7 16. Qf3
$11) 10... Nb6 11. g5 Nfd7 (11... b4 12. Nd5 Nfxd5 13. exd5 Bd7 14. Na5 Qc7 15.
a3 Rc8 (15... Nc4 16. axb4 Nxa5 17. Rxa5 Be7 18. fxe5 Bb5 19. Bf1 $14) 16. axb4
Qxc2 17. O-O Qxd1 18. Rxd1 Bb5 19. Nc6 $14) 12. f5 Bc4 13. Na5 Rc8 14. Qd2 {
White is finding the opponent's counterplay on the queenside to be rather
unpleasant. His queen manoeuvre seems to be rather artificial. I have to admit
that it fails to impress me and surely it contributed to the failure of the
player with the white pieces.} (14. Nxc4 Nxc4 15. b3 (15. Nd5 Ndb6 16. f6 Nxd5
17. fxg7 Bxg7 18. Qxd5 O-O 19. Rf1 Qb6 $11) 15... Qa5 16. Qd3 Na3 17. Bxa3 Rxc3
18. Qd2 Re3+ 19. Kd1 Qxd2+ 20. Kxd2 Rg3 $11) (14. b3 d5 15. a3 Bxb3 16. cxb3
Rxc3 17. exd5 h6 $11) (14. Nd5 Nxd5 15. Nxc4 Rxc4 16. Qxd5 Rxc2 17. O-O Be7 $15
) 14... b4 15. Nd1 Bb5 16. a3 (16. Qxb4 $2 Rxc2 17. Bf3 Nc5 $19) 16... d5 $1 {
The really promising junior Duda is playing the game very courageously and
does not show any mercy to his illustrious adversary.} (16... bxa3 17. b3 $14)
17. exd5 (17. b3 Qc7 18. exd5 Qxc2 19. Ne3 Qxd2+ 20. Kxd2 Nc5 $11) (17. axb4 d4
18. c3 h6 19. h4 Be7 20. f6 gxf6 21. gxh6 f5 22. exf5 Nf6 $13) 17... Nc4 $1 18.
Nxc4 Rxc4 {The grab of the d5-pawn was a rather meek move and as a consequence
Black was able to obtain annoying counterplay. The balance was not fully
disturbed, but White will have to play very carefully.} 19. a4 (19. axb4 Rf4 (
19... Bxb4 20. c3 Nc5 21. Qc2 $14) 20. Nf2 Bxb4 21. c3 Qxg5 22. Bf1 Bc5 23.
Bxb5 Qg2 24. Rf1 axb5 25. Ra8+ Ke7 26. d6+ Kf6 27. Ng4+ Rxg4 28. Qxg2 Rxg2 29.
Rxh8 Bxd6 $11) 19... Rd4 20. Qf2 Bc4 21. Be3 {In retrospect, after the
spectacular demise of the white position it seems logical to search for better
continuations. The computers are hinting, that Khismatullin ignored the chance
with his f-pawn to his own peril.} (21. c3 $2 Nc5 $1 22. Qg3 Rxd5 $17) (21. f6
$1 gxf6 22. Be3 Bc5 23. Bxd4 exd4 24. b3 d3 25. Qf5 Qe7+ 26. Be4 dxc2 27. bxc4
fxg5 28. Kd2 cxd1=Q+ 29. Raxd1 $11) 21... Bc5 22. Bxd4 $2 {[%mdl 2048] The
game will probably sneek into chess literature as a perfect example of playing
with nerves. Acceptance of the material is extremely risky and leads into a
very dangerous position.} (22. f6 $1 O-O 23. b3 (23. fxg7 Re8 24. Qf5 Rh4 25.
Bc1 Nb6 26. Nf2 Bxd5 27. Ne4 Kxg7 $11) 23... Bxd5 24. Bxd5 Rxd5 25. fxg7 Re8
26. Bxc5 Nxc5 27. Ne3 Rd4 28. Ng4 Re4+ 29. Kf1 Rf4 30. Nf6+ Rxf6 31. Qxf6 Qd4
$11) (22. b3 Bxd5 23. Bxd5 Rxd5 $15) 22... exd4 $1 (22... Bxd4 23. Qd2 O-O 24.
f6 $16) 23. Qf4 (23. b3 Qe7+ 24. Kd2 Qxg5+ 25. Ke1 d3 $1 26. Qd2 (26. Qf3 d2#)
26... Qg3+ 27. Nf2 (27. Kf1 Ne5 28. bxc4 Nf3 29. Bxf3 Qxf3+ 30. Nf2 Bxf2 $19)
27... Be3 $19) (23. Qh4 O-O 24. Nf2 b3 25. O-O-O bxc2 26. Rd2 Qa5 $17) 23...
O-O 24. Nf2 $2 {Khismatullin is slightly unlucky that the most natural move is
not precise and there will be no chance for a retreat.} (24. Be4 Re8 25. Nf2 b3
26. O-O-O Qa5 $17) 24... b3 $1 25. c3 {White is already lingering in the final
stages of a lost cause and thus can afford to play any defensive move. The
other lines offered the chance for Duda to exercise his attacking imagination.}
(25. O-O-O bxc2 26. Rd3 Qb6 27. Qd2 Rc8 28. Qxc2 Ne5 $19) (25. cxb3 Bb4+ 26.
Kd1 Bxb3+ 27. Ke2 Bc4+ 28. Kf3 Bxd5+ 29. Kg3 Nf6 30. Kh4 (30. Qxd4 Qc7+ 31. Kh4
Bc5 32. Qd2 Bf3 $3 33. Rhf1 Bxf2+ 34. Rxf2 Ne4 $19) 30... Bd6 31. Qxd4 Bxg2 32.
gxf6 (32. Rhd1 Nd5) 32... Bg3+ 33. Kxg3 Qxd4 34. Kxg2 Qxf6 $19) 25... Re8+ 26.
Ne4 (26. Be4 dxc3 27. bxc3 Qa5 28. Kd2 Bxf2 29. Qxf2 Rxe4 30. Rae1 Qxd5+ 31.
Kc1 Ne5 $19) 26... dxc3 27. O-O-O (27. bxc3 b2 28. Rb1 Ne5 29. Qg3 Bxd5 30.
Nxc5 (30. Nf6+) 30... Bxg2 31. Qxg2 Nf3+ 32. Kf2 Qd2+ 33. Kg3 Qxg5+ 34. Kxf3
Qxf5+ 35. Kg3 Qe5+ 36. Kf2 (36. Kf3) 36... Qxc5+ 37. Kg3 Qe5+ 38. Kf2 Qe3+ 39.
Kf1 Qd3+ $19) 27... Qb8 $5 {Most players would choose this move, whichpretty
obviously advances Black's attack. Duda is falling back on his exceptional
tactical gifts and introduces the final attack with the help of a somewhat
unexpected, but very witty combination.} (27... Qa5 28. Nf6+ gxf6 29. Qxc4 Be3+
30. Kb1 c2+ 31. Ka1 Rb8 $19) 28. d6 (28. Nf6+ gxf6 29. Qxc4 Be3+ 30. Kb1 c2+
31. Ka1 Rc8 $19) (28. Qxb8 Be3+ 29. Kb1 (29. Nd2 cxd2+ 30. Rxd2 Rxb8) 29... c2+
30. Ka1 cxd1=Q+ 31. Rxd1 Rxb8 $19) 28... Qb4 29. Nxc5 (29. Nxc3 Be3+ 30. Qxe3
Rxe3 $19) 29... Re2 30. Rhe1 {There is no reason to doubt that all parties
involved had understood the vanity of further resistance. The centralisation
of the rook seems to be the ambition to catch up on the coordination of the
pieces that White did not manage to achieve during the game.} cxb2+ 31. Kb1
Bd3+ $5 {Under the surface one more small provocation. The obvious 31...Qa3
was probably not original enough for the creative youngster...} (31... Qa3 32.
Nxb3 Bxb3 $19) 32. Nxd3 (32. Rxd3 Qxe1+ $19) 32... Qa3 {One of the best games
played in the EU-ch, Black played with a healthy dose of remarkable chess
fantasy.} 0-1

[Event "Corus"]
[Site "Wijk aan Zee"]
[Date "2009.01.22"]
[Round "5"]
[White "Dominguez Perez, Leinier"]
[Black "Morozevich, Alexander"]
[Result "1-0"]
[WhiteElo "2717"]
[BlackElo "2771"]
[Annotator "Ftacnik,L"]
[PlyCount "71"]
[EventDate "2009.01.17"]
[EventType "tourn"]
[EventRounds "13"]
[EventCountry "NED"]
[EventCategory "19"]
[SourceTitle "CBM 129"]
[Source "ChessBase"]
[SourceDate "2009.03.25"]
[SourceVersion "1"]
[SourceVersionDate "2009.03.25"]
[SourceQuality "1"]

1. e4 c5 2. Nf3 d6 3. d4 cxd4 4. Nxd4 Nf6 5. Nc3 a6 6. Be3 e5 7. Nb3 Be6 8. Qd2
Nbd7 9. f3 b5 10. O-O-O Rc8 11. g4 Nb6 12. g5 b4 13. Na4 $146 {Dominguez Perez
is well prepared for his dangerous opponent. His novelty is certainly better
than the passive retreat tested by Leko.} (13. Nb1 Nfd7 14. Bxa6 Nc4 15. Bxc4
Rxc4 16. Qd3 Qa8 17. N1d2 Rc6 18. Kb1 Be7 19. Rc1 Nc5 20. Qe2 Na4 21. Rcd1 O-O
22. Nc1 Nc3+ 23. bxc3 bxc3 24. Qb5 Rb8 25. Qxb8+ Qxb8+ 26. Ndb3 Qb4 27. Ne2
Bxb3 28. axb3 Ra6 {0-1 Leko,P (2741)-Morozevich,A (2774)/Yerevan 2008}) 13...
Nxe4 $1 (13... Nxa4 $6 14. gxf6 gxf6 15. Qxb4 Qc7 16. Bd3 Nc5 17. Nxc5 dxc5 18.
Qa4+ $16) 14. fxe4 Nxa4 15. Qxb4 (15. Bxa6 Rb8 16. Qd3 Qd7 17. h4 Be7 18. h5
O-O 19. g6 Qc6) 15... Qc7 16. Rd2 {The first sign that White is playing
aggressively for a win as he sidesteps the weakening 16.c3.} (16. Qxa4+ Bd7 17.
Qc4 Qxc4 18. Bxc4 Rxc4 $11) (16. c3 Nxc3 $5 17. Qxc3 (17. bxc3 d5 18. Qa4+ Bd7
19. Qa5 Qxa5 20. Nxa5 Rxc3+ 21. Kd2 Bb4 $17) 17... Qb7 18. Nc5 dxc5 19. Qxe5 c4
20. Bd4 Qb5 $14) 16... Bd7 (16... Nxb2 $5 17. Kxb2 (17. Bb6 Qc6 18. Bxa6 d5 19.
Qa5 Nc4 20. exd5 $1 (20. Bxc4 $2 Qxc4 $19) 20... Qxb6 21. Qxb6 Nxb6 22. dxe6
$14) 17... d5 18. Qa4+ (18. Qa5 Qxa5 19. Nxa5 d4 20. Bxd4 exd4 21. Bxa6 Rb8+
$15) 18... Bd7 19. Qxa6 d4 (19... Qc3+ $2 20. Kb1 Qxe3 21. Bb5 $18) 20. Bb5 $16
) 17. Qa5 $1 {The a-file will become a playground for quite a few white pieces.
} Qc6 (17... Qxa5 18. Nxa5 Rb8 (18... Nc5 19. Bxc5 dxc5 (19... Rxc5 20. b4 Rc3
21. Bxa6 $16) 20. Rg1 $16) 19. Nc4 Bc6 20. Bh3 $1 Bb5 (20... Bxe4 21. Rhd1 $16)
21. Nxd6+ Bxd6 22. Rxd6 Nxb2 23. Ba7 Ra8 24. Bf2 $16) 18. Bxa6 Rb8 (18... Ra8
19. Bb5 $1 Qxe4 (19... Rxa5 20. Bxc6 Ra6 21. Bb7 $18) 20. Bxd7+ Kxd7 (20... Ke7
$2 21. Qc7 $18) 21. Qb5+ Qc6 22. Qf1 Ke8 $14) 19. Rd5 Be7 (19... Ra8 20. Bb5
Rxa5 21. Bxc6 Rxd5 22. Bxd5 $16) 20. Ba7 $1 Ra8 $2 {Morozevich has been asked
to withstand a lot of direct pressure and thus it made lot of sense to search
for the best solution.} (20... Bxg5+ 21. Kb1 Bd8 $1 (21... O-O 22. Bxb8 Rxb8
23. Bb5 Rxb5 24. Qxa4 Rxd5 25. Qxc6 Bxc6 26. exd5 Bxd5 27. Rd1 Bf3 28. Rxd6 $16
) 22. Qd2 (22. Rxe5+ $5 dxe5 (22... Kf8 23. Bb5 Bxa5 24. Bxc6 dxe5 25. Bxb8
Bxc6 26. Nxa5 Bxe4 27. Re1 f5 28. Bxe5 $16) 23. Qxe5+ Be6 24. Bxb8 Qxa6 25.
Qxg7 Rf8 $11) 22... Rxb3 23. axb3 Qxa6 24. Be3 Bc7 25. bxa4 Qxa4 $14) 21. Bb5
Qb7 (21... Bxg5+ 22. Kb1 Qb7 23. Qxa4 Rxa7 24. Na5 Qc7 25. Rhd1 $16) 22. Qxa4
Rxa7 23. Na5 $1 {[%mdl 2048] The fourth white piece is building its future on
the a-file, a truly rare picture in the games of top players.} Qc7 24. Rhd1
Bxb5 (24... Bxg5+ 25. Kb1 O-O (25... Be7 26. c4 O-O 27. Bxd7 Qxd7 28. Qxd7 Rxd7
29. c5 $16) 26. Bxd7 Qxd7 27. Qxd7 Rxd7 28. Nc4 $16) 25. Qxb5+ Kf8 26. Kb1 g6
27. Nc4 {The dust has settled and not only is Black playing a pawn down, but
he faces a complete army of determined white pieces.} Rb7 28. Qa4 Qb8 (28...
Kg7 29. Nxd6 Bxd6 30. Rxd6 Qe7 $16) 29. b3 Ra7 30. Qc6 Rc7 31. Rb5 $1 Qa7 (
31... Rxc6 32. Rxb8+ Kg7 33. Rxh8 Kxh8 34. a4 $18) 32. Qd5 Qf2 (32... Kg7 33.
Nxd6 Bxg5 34. Qxe5+ $18) 33. Qd2 Qf3 34. Nxd6 Bxg5 $2 35. Nf5 $1 {The final
combination comes to crown an exceptional performance by the Cuban chess star.}
Rc8 (35... Bxd2 36. Rb8+ $18) 36. Rb8 $1 (36. Rb8 $1 Rxb8 37. Qd6+ Kg8 38.
Qxb8+ $18) 1-0